000
00277nam a2200109Ia 4500
001
1276693
005
20260417160452.0
008
260417s9999 xx 000 0 und d
020
_a
9786052856062
245
0
_a
Süper Gazeteciler - 1
_c
Aytül Akal
260
_b
Tudem Yayınları
999
_c
1276693
_d
1276693